Couple triumph in battle over by-pass (Record no. 59312)

MARC details
000 -LEADER
fixed length control field 01241cab a2200253 4500
001 - CONTROL NUMBER
control field WB3520-08
008 - FIXED-LENGTH DATA ELEMENTS--GENERAL INFORMATION
fixed length control field 090401t1999 xxu||||| |||| 00| 0 eng d
035 ## - SYSTEM CONTROL NUMBER
System control number (Sirsi) u93593
041 ## - LANGUAGE CODE
Language code of text/sound track or separate title eng
245 ## - TITLE STATEMENT
Title Couple triumph in battle over by-pass
260 ## - PUBLICATION, DISTRIBUTION, ETC.
Date of publication, distribution, etc. 1999
350 ## - PRICE (NR) (BK AM CF MU VM SE) [OBSOLETE]
Price 0
490 ## - SERIES STATEMENT
Series statement Independent
Volume/sequential designation 25 May 1999, 11(1)
520 ## - SUMMARY, ETC.
Summary, etc. A couple whose home was blighted by the building of a bypass 18ft from their window have won a High Court case against the Parliamentary Ombudsman. Norfolk County Council failed to compensate them because no land was taken. Documents suggested that the power of the county to acquire the couple's blighted house was overlooked. The High Court ruled that the Parliamentary Ombudsman had failed to give adequate reasons for deciding that the DoT was not responsible for the couple's losses through maladministration. The couple will now seek compensation.
650 ## - SUBJECT ADDED ENTRY--TOPICAL TERM
Topical term or geographic name entry element BLIGHT
650 ## - SUBJECT ADDED ENTRY--TOPICAL TERM
Topical term or geographic name entry element BYPASSES
650 ## - SUBJECT ADDED ENTRY--TOPICAL TERM
Topical term or geographic name entry element COMPENSATION
650 ## - SUBJECT ADDED ENTRY--TOPICAL TERM
Topical term or geographic name entry element DEPARTMENT OF TRANSPORT
650 ## - SUBJECT ADDED ENTRY--TOPICAL TERM
Topical term or geographic name entry element MALADMINISTRATION
650 ## - SUBJECT ADDED ENTRY--TOPICAL TERM
Topical term or geographic name entry element PARLIAMENTARY OMBUDSMAN
690 ## - LOCAL SUBJECT ADDED ENTRY--TOPICAL TERM (OCLC, RLIN)
Topical term or geographic name as entry element ENVIRONMENTAL AND LAND CONSULTANCY-PLANNING AND DEVELOPMENT-COMPULSORY PURCHASE AND COMPENSATION
942 ## - ADDED ENTRY ELEMENTS (KOHA)
Suppress in OPAC 0
948 ## - LOCAL PROCESSING INFORMATION (OCLC); SERIES PART DESIGNATOR (RLIN)
c (OCLC) 27/05/1999
Holdings
Withdrawn status Lost status Source of classification or shelving scheme Damaged status Not for loan Home library Current library Shelving location Date acquired Total Checkouts Full call number Barcode Date last seen Copy number Price effective from Koha item type
    Dewey Decimal Classification     London London News article 14/09/1999   WB3520-08 93593-1001 06/08/2019 1 06/08/2019 News article